Arminia Bielefeld 25/26 - Statistiken

Allgemein
  • Dieses Quiz wurde 91 mal gespielt
  • Das Durchschnittsergebnis liegt bei 20 aus 28
Antwortstatistiken
Rückennummer Spieler % Korrekt
1 Jonas Kersken
100%
19 Maximilian Grosser
94%
38 Marius Wörl
93%
18 Leo Oppermann
92%
6 Mael Corboz
92%
11 Joel Grodowski
88%
21 Stefano Russo
88%
24 Christopher Lannert
86%
7 Julian Kania
86%
37 Noah Sarenren Bazee
81%
3 Joel Felix
79%
23 Leon Schneider
79%
2 Felix Hagmann
78%
8 Sam Schreck
78%
29 Tim Handwerker
76%
30 Isaiah Young
75%
10 Marvin Mehlem
72%
28 Roberts Uldrikis
71%
43 Daniel Richter
68%
17 Arne Sicker
67%
14 Monju Momuluh
67%
27 Benjamin Boakye
64%
9 Jeredy Hilterman
57%
13 Lukas Kunze
57%
36 Justin Lukas
56%
20 Florian Micheler
38%
45 Vincent Ocansey
36%
40 Jonathan Norbye
25%
Keine übereinstimmenden Quizze gefunden
Verteilung der Resultate
Anzahl Personen mit jedem Resultat
Perzentil nach korrekt beantworteten Fragen
Ihre Resultats-Entwicklung
Sie haben dieses Quiz noch nicht gespielt